MARC

LEADER 00000nam0a2200000 4500
001 225033
005 20231101230632.0
035 |a (RuTPU)RU\TPU\book\245361 
090 |a 225033 
100 |a 20121101d1981 m y0rusy50 ca 
101 0 |a rus 
102 |a RU 
105 |a ac z 001gy 
200 1 |a Стихотворения  |f А. И. Полежаев 
210 |a Ставрополь  |c Ставропольское кн. изд-во  |d 1981 
215 |a 205 с.  |c ил., портр.  |d 10 см. 
300 |a В суперобложке. 
320 |a Список иллюстраций: с. 202. 
610 1 |a русская литература 
610 1 |a поэзия 
610 1 |a 19 век 
610 1 |a стихи 
610 1 |a поэмы 
610 1 |a миниатюрные издания 
686 |a Ч611.68  |v LBC/SL-A  |2 rubbk 
700 1 |a Полежаев  |b А. И.  |c русский поэт  |f 1804/1805-1838  |g Александр Иванович  |2 stltpush  |3 (RuTPU)RU\TPU\pers\11927  |9 3036 
801 1 |a RU  |b 63413507  |c 20121101 
942 |c BK